| 000 | 01679nam a22003137a 4500 | ||
|---|---|---|---|
| 999 |
_c29415 _d29386 |
||
| 003 | EG-ScBUE | ||
| 005 | 20210915123139.0 | ||
| 008 | 210915s2013 ua f b 000 0 ara d | ||
| 017 | _a2013/9424 | ||
| 020 | _a9789774720338 | ||
| 040 |
_aEG-ScBUE _bara _erda _cEG-ScBUE _dEG-ScBUE |
||
| 082 | 0 | 4 |
_a962.056 _bز هـ ر _222 |
| 100 | 1 |
_aزهران، جمال علي، _eمؤلف. |
|
| 245 | 1 | 0 |
_aثورة الشعب المصري في 25 يناير : _bالمقدمات .. التطور .. التحديات / _cد. جمال علي زهران، أستاذ ورئيس قسم العلوم السياسية-جامعة بورسعيد، نائب سابق بالبرلمان (مستقل) (2005-2010 م) |
| 246 | 3 | _aثورة الشعب المصري في الخامس والعشرين يناير : | |
| 264 | 1 |
_aالقاهرة : _bإصدارات مركز الاستقلال للدراسات الإستراتيجية والاستشارات، _c2013. |
|
| 300 |
_a408 صفحة ؛ _c24 سم. |
||
| 336 |
_2rdacontent _aنص _btxt |
||
| 337 |
_2rdamedia _aبدون وسيط _bn |
||
| 338 |
_2rdacarrier _aمجلد _bnc |
||
| 490 | 0 |
_aسلسلة إصدارات مركز الاستقلال للدراسات الإستراتيجية والاستشارات ؛ _v2 |
|
| 504 | _aيشتمل على إرجاعات ببليوجرافية. | ||
| 541 |
_cDonation ; _aDr. Mohamed Shoman. |
||
| 651 | 7 |
_aمصر _xتاريخ _yالعصر الحديث _yثورة 25 يناير 2011. _2BUEsh |
|
| 651 | 7 |
_aمصر _xأحوال سياسية _yالعصر الحديث _yثورة 25 يناير 2011. _2BUEsh |
|
| 653 |
_bBUSBOL _cSeptember2021 |
||
| 655 |
_vReading book _934232 |
||
| 942 | _2ddc | ||